Statistics for Star Wars: The Force Awakens - 20 main Characters

Click here to take the quiz!

General Stats

  • This quiz has been taken 144 times
    (142 since last reset)
  • The average score is 14 of 16

Answer Stats

HintAnswer% Correct
04.The lost legendary JediLuke Skywalker
99%
06.Owner of the FalconHan Solo
98%
09.Astromech droidR2 D2
98%
08.Droidhead on a ballBB-8
96%
10.The golden droidC3PO
96%
07.His furry sidekick^Chewbacca
96%
01.Scavenger/ForcesensitiveRey
96%
03.Former stormtrooperFinn
95%
16.Sith apprentice/FrustratedKylo Ren
94%
05.General of Rebellion armyLeia Organa
93%
02.Best pilot in the galaxyPoe Dameron
90%
13.Silver stormtrooperCaptain Phasma
86%
15.New allmighty Sith lordSupreme Leader Snoke
83%
14.Held a speech/GeneralGeneral Hux
75%
11.Female old orange pirateMaz Kanata
66%
12.Luke's friend/Jakku villagerLor San Tekka
34%

Score Distribution

Percentile by Number Answered

Percent of People with Each Score

Your Score History

You have not taken this quiz since the last reset